LIBRARY & INFORMATION CENTRE, KCAET, TAVANUR

ONLINE PUBLIC ACCESS CATALOGUE (OPAC)

Electro-technology: For national certificate courses, Vol 2 / (Record no. 7139)

MARC details
000 -LEADER
fixed length control field 00505cam a2200193ua 4500
041 ## - LANGUAGE CODE
Language code of text/sound track or separate title eng
082 ## - DEWEY DECIMAL CLASSIFICATION NUMBER
Classification number 621.3
Item number BUC/EL
100 ## - MAIN ENTRY--AUTHOR NAME
Personal name Buckingham, H .
245 ## - TITLE STATEMENT
Title Electro-technology: For national certificate courses, Vol 2 /
250 ## - EDITION STATEMENT
Edition statement 1 /
260 ## - PUBLICATION, DISTRIBUTION, ETC. (IMPRINT)
Place of publication London :
Name of publisher English Universities Press ,
Year of publication 1962.
300 ## - PHYSICAL DESCRIPTION
Number of Pages 298 ; .
700 1# - ADDED ENTRY--PERSONAL NAME
Personal name Price, E.M.
942 ## - ADDED ENTRY ELEMENTS (KOHA)
Koha item type Books
Holdings
Withdrawn status Lost status Damaged status Home library Current library Date acquired Full call number Accession Number Koha item type
      KAUAET KAUAET 07/04/2012 621.3 3753 Books
free website counter